000 00822cam a2200217 a 4500
005 20260129153835.0
008 860103s1986 cou b 000 0 eng
020 _a0813371759 (alk. paper) :
040 _aKABLIB
_cKABLIB
_erda
082 0 0 _a338.10967
_223
_bUND
245 0 0 _aUnderstanding Africa's rural households and farming systems /
_cedited by Joyce Lewinger Moock ; foreword by Bede N. Okigbo.
260 _aBoulder :
_bWestview Press,
_c1986.
300 _axiv, 234 p. ;
_c24 cm.
440 0 _aWestview special studies on Africa
_914901
504 _aBibliography: p. 217-232.
650 0 _aFamily farms
_zAfrica, Sub-Saharan.
_914902
650 0 _aHouseholds
_zAfrica, Sub-Saharan.
_914903
650 0 _aRural families
_zAfrica, Sub-Saharan.
_914904
700 1 _aMoock, Joyce Lewinger.
_914905
942 _2ddc
_cBOOK
999 _c5905
_d5905